Tres años de política hacendaria 1947/1948/1949 : (Registro nro. 12677)

Detalles MARC
000 -LEADER
fixed length control field 01012nam a2200229Ia 4500
003 - CONTROL NUMBER IDENTIFIER
control field OSt
005 - DATE AND TIME OF LATEST TRANSACTION
control field 20211015095721.0
008 - FIXED-LENGTH DATA ELEMENTS--GENERAL INFORMATION
fixed length control field 210310s1951 mx gr 000 0 spa d
040 ## - CATALOGING SOURCE
Original cataloging agency CO-JMCR
Transcribing agency CO-JMCR
041 ## - LANGUAGE CODE
Language code of text/sound track or separate title spa
082 04 - DEWEY DECIMAL CLASSIFICATION NUMBER
Classification number 336.72006 /
Item number B565t
Edition number 23
100 1# - MAIN ENTRY--PERSONAL NAME
Personal name Betetta, Ramon
Relator term autor
9 (RLIN) 28910
245 10 - TITLE STATEMENT
Title Tres años de política hacendaria 1947/1948/1949 :
Remainder of title perspectiva y acción /
Statement of responsibility, etc. Ramon Beteta
260 ## - PUBLICATION, DISTRIBUTION, ETC.
Place of publication, distribution, etc. México :
Name of publisher, distributor, etc. Secretaria de Hacienda y Crédito Público,
Date of publication, distribution, etc. 1951
300 ## - PHYSICAL DESCRIPTION
Extent 505 páginas ;
Dimensions 23 cm.
500 ## - GENERAL NOTE
General note Incluye índice de cuadros y apéndices.
505 0# - FORMATTED CONTENTS NOTE
Formatted contents note Desarrollo económico y expansión monetaria. -- Parte relativa a Hacienda de los informes presidenciales, y discursos pronunciados en convenciones bancarias, Aduaneras y fiscales. -- Exposiciones de los sistemas impositivos y el adelanto integral del país.
650 14 - SUBJECT ADDED ENTRY--TOPICAL TERM
Topical term or geographic name entry element Desarrollo económico
9 (RLIN) 41186
650 24 - SUBJECT ADDED ENTRY--TOPICAL TERM
Topical term or geographic name entry element Expansión monetaria
9 (RLIN) 41187
650 24 - SUBJECT ADDED ENTRY--TOPICAL TERM
Topical term or geographic name entry element Acción económica
9 (RLIN) 41188
942 ## - ADDED ENTRY ELEMENTS (KOHA)
Source of classification or shelving scheme Dewey Decimal Classification
Koha item type Books
Existencias
Withdrawn status Lost status Source of classification or shelving scheme Damaged status Not for loan Home library Current library Shelving location Date acquired Source of acquisition Full call number Barcode Date last seen Copy number Price effective from Koha item type
    Dewey Decimal Classification     Biblioteca Pública José María del Castillo y Rada Biblioteca Pública José María del Castillo y Rada General Stacks 04/15/2018 Donación 336.72006 / B565t 430004688 05/16/2024 Ej.1 03/10/2021 Books